All Governors of West Virginia - Statistics

General Stats
  • This quiz has been taken 7 times
  • The average score is 9 of 37
Answer Stats
Years Served Party Governor % Correct
2017 - 2025 Democrat, Republican Jim Justice
100%
2005 - 2010 Democrat Joe Manchin
100%
1957 - 1961 Republican Cecil H. Underwood
75%
1997 - 2001 Republican Cecil H. Underwood
75%
1969 - 1977 Republican Arch A. Moore Jr.
50%
1985 - 1989 Republican Arch A. Moore Jr.
50%
2010 - 2017 Democrat Earl Ray Tomblin
50%
1965 - 1969 Demcrat Hulett C. Smith
50%
1977 - 1985 Democrat Jay Rockefeller
50%
2025 - Present Republican Patrick Morrisey
50%
1863 - 1869 Republican Arthur I. Boreman
25%
1885 - 1890 Democrat Emanuel Willis Wilson
25%
1921 - 1925 Republican Ephraim F. Morgan
25%
1989 - 1997 Democrat Gaston Caperton
25%
1933 - 1937 Democrat Herman G. Kump
25%
1937 - 1941 Democrat Homer A. Holt
25%
1925 - 1929 Republican Howard Mason Gore
25%
1881 - 1885 Democrat Jacob B. Jackson
25%
1961 - 1965 Democrat Wally Barron
25%
1893 - 1897 Democrat William A. MacCorkle
25%
1901 - 1905 Republican Albert B. White
0%
1890 - 1893 Democrat Aretas B. Fleming
0%
2001 - 2005 Democrat Bob Wise
0%
1945 - 1949 Democrat Clarence W. Meadows
0%
1869 Republican Daniel D. T. Farnsworth
0%
1897 - 1901 Republican George W. Atkinson
0%
1913 - 1917 Republican Henry D. Hatfield
0%
1877 - 1881 Democrat Henry M. Mathews
0%
1917 - 1921 Democrat John J. Cornwell
0%
1871 - 1877 Democrat, People's Independent John J. Jacob
0%
1941 - 1945 Democrat Matthew M. Neely
0%
1949 - 1953 Democrat Okey Patteson
0%
1953 - 1957 Democrat William C. Marland
0%
1909 - 1913 Republican William E. Glasscock
0%
1869 - 1871 Republican William E. Stevenson
0%
1929 - 1933 Republican William G. Conley
0%
1905 - 1909 Republican William M. O. Dawson
0%
No matching quizzes found
Score Distribution
Percent of People with Each Score
Percentile by Number Answered
Your Score History
You have not taken this quiz